000 00907nam a2200253 i 4500
001 29665
003 ES-MaACL
005 20240512063032.0
007 t|
008 030122s1943 sp ||||1| spa d
100 1 _aMariana, Juan de,
_d1536-1624
_976675
245 1 0 _aJuan de Mariana, cantor de España /
_cselección y estudio de Manuel Ballesteros Gaibrois.
250 _a3ª ed.
260 _aMadrid :
_bEdiciones Fe,
_c1943 (
_fGráficas Uguina)
300 _a233 p. ;
_c17 cm.
490 1 _aBreviarios del pensamiento español
651 4 _aEspaña-
_xHistoria.
_98209
651 4 _aEspaña-
_xUsos y costumbres.
_98515
700 1 _aBallesteros Gaibrois, Manuel,
_d1911-2002
_925056
830 0 _aBreviarios del pensamiento español
_9180739
852 _aES-MaACL
_jG-9294(1)
_9R.145131
_z.- Encuadernado con otras obras
852 _aES-MaACL
_jG-3553
999 _c29665
_d29665